Horace
Saved in:
| Format: | Bog |
|---|---|
| Sprog: | fransk latin |
| Udgivet: |
París
Les Belles Lettres
1929
|
| Serier: | Collection des Universités de France
|
| Fag: | |
| Tags: |
Tilføj Tag
Ingen Tags, Vær først til at tagge denne postø!
|
MARC
| LEADER | 00000nam a2200000 a 4500 | ||
|---|---|---|---|
| 001 | UCO5811 | ||
| 003 | CL-VaPUC | ||
| 008 | 000915e19290000FR |||||||||||||||||fre|d | ||
| 041 | 0 | 7 | |a fre |2 CL-VaPUC |
| 041 | 0 | 7 | |a lat |2 CL-VaPUC |
| 082 | 0 | 4 | |a 871 |b HOR |2 21 |
| 245 | 1 | 0 | |a Horace |
| 300 | |a v | ||
| 942 | |c BK | ||
| 945 | |d 20000915 00:00:00 |a crobeson | ||
| 260 | |a París |b Les Belles Lettres |c 1929 | ||
| 500 | |a v.1: Odes et épodes | ||
| 600 | 0 | |a Horacio |9 267078 | |
| 650 | 7 | |a POESIAS LATINAS |2 CL-VaPUC |9 450612 | |
| 650 | 0 | |a Literatura latina |9 258055 | |
| 583 | |a last modification |c 20000915 00:00:00 |k Rodrigo Vera | ||
| 490 | 0 | |a Collection des Universités de France | |
| 999 | |c 291641 |d 291639 | ||
| 952 | |0 0 |1 0 |4 0 |6 871_000000000000000_HOR_1929 |7 0 |8 X |9 341665 |a BIBART |b BIBART |d 2019-11-20 |h v.1 |i 1223267 |o 871 HOR 1929 |p 1223267 |r 2025-03-13 |w 2019-11-20 |y BK_X |k ART | ||